Những thành phố Việt Nam Nghệ thuật kiến trúc
v...v
Đã lưu trong:
| Tác giả chính: | |
|---|---|
| Định dạng: | Sách |
| Năm xuất bản: |
H.
Kim Đồng
|
| Chủ đề: | |
| Tags: |
Thêm thẻ
Không có thẻ, Hãy là người đầu tiên gắn thẻ bản ghi này!
|
| LEADER | 01988nam a2200265 4500 | ||
|---|---|---|---|
| 082 | |a 720.9597 |b NH556th | ||
| 100 | |a [ K tác giả] | ||
| 245 | |a Những thành phố Việt Nam |b Nghệ thuật kiến trúc | ||
| 260 | |a H. |b Kim Đồng | ||
| 300 | |a 264tr |c 19cm | ||
| 520 | |a v...v | ||
| 653 | |a Nghệ thuật | ||
| 653 | |a Kiến trúc | ||
| 653 | |a Thành phố | ||
| 653 | |a Việt Nam | ||
| 942 | |2 ddc |c STK0 | ||
| 999 | |c 1086 |d 1086 | ||
| 952 | |0 0 |1 0 |2 ddc |4 0 |6 720_959700000000000_NH556TH |7 1 |8 700 |9 19473 |a qbu |b qbu |c D5 |d 2014-12-04 |g 120000 |o 720.9597 NH556th |p 4845.C1 |r 0000-00-00 |w 2014-12-04 |y STK0 |0 0 |6 720_959700000000000_NH556TH | ||
| 952 | |0 0 |1 0 |2 ddc |4 0 |6 720_959700000000000_NH556TH |7 0 |8 700 |9 19474 |a qbu |b qbu |c D5 |d 2014-12-04 |g 120000 |o 720.9597 NH556th |p 4845.C2 |r 0000-00-00 |w 2014-12-04 |y STK0 |0 0 |6 720_959700000000000_NH556TH | ||
| 952 | |0 0 |1 0 |2 ddc |4 0 |6 720_959700000000000_NH556TH |7 0 |8 700 |9 19475 |a qbu |b qbu |c D5 |d 2014-12-04 |g 120000 |o 720.9597 NH556th |p 4845.C3 |r 0000-00-00 |w 2014-12-04 |y STK0 |0 0 |6 720_959700000000000_NH556TH | ||
| 952 | |0 0 |1 0 |2 ddc |4 0 |6 720_959700000000000_NH556TH |7 0 |8 700 |9 19476 |a qbu |b qbu |c D5 |d 2014-12-04 |g 120000 |o 720.9597 NH556th |p 4845.C4 |r 0000-00-00 |w 2014-12-04 |y STK0 |0 0 |6 720_959700000000000_NH556TH | ||
| 952 | |0 0 |1 0 |2 ddc |4 0 |6 720_959700000000000_NH556TH |7 0 |8 700 |9 19477 |a qbu |b qbu |c D5 |d 2014-12-04 |g 120000 |o 720.9597 NH556th |p 4845.C5 |r 0000-00-00 |w 2014-12-04 |y STK0 |0 0 |6 720_959700000000000_NH556TH | ||
| 952 | |0 0 |1 0 |2 ddc |4 0 |6 720_959700000000000_NH556TH |7 0 |8 700 |9 19478 |a qbu |b qbu |c D5 |d 2014-12-04 |g 120000 |o 720.9597 NH556th |p 4845.C6 |r 0000-00-00 |w 2014-12-04 |y STK0 |0 0 |6 720_959700000000000_NH556TH | ||
| 952 | |0 0 |1 0 |2 ddc |4 0 |6 720_959700000000000_NH556TH |7 0 |8 700 |9 19479 |a qbu |b qbu |c D5 |d 2014-12-04 |g 120000 |o 720.9597 NH556th |p 4845.C7 |r 0000-00-00 |w 2014-12-04 |y STK0 |0 0 |6 720_959700000000000_NH556TH | ||
| 952 | |0 0 |1 0 |2 ddc |4 0 |6 720_959700000000000_NH556TH |7 0 |8 700 |9 19480 |a qbu |b qbu |c D5 |d 2014-12-04 |g 120000 |o 720.9597 NH556th |p 4845.C8 |r 0000-00-00 |w 2014-12-04 |y STK0 |0 0 |6 720_959700000000000_NH556TH | ||